000 00680nam a2200289Ia 4500
005 20260324130930.0
008 008 260324s9999 xx 000 0 eng d
020 _a9781315065915
037 _aEBOOK
040 _aCRL
040 _beng
040 _cCRL
041 _2eng
041 _aeng
084 _qCRL
100 _aStephen Burman
_91183588
245 4 _aThe State of the American Empire
245 0 _bHow the USA Shapes the World
260 _bTaylor and Francis
260 _c2007
365 _a
365 _b300
856 _uhttp://www.taylorfrancis.com/books/9781315065915
942 _cEBOOK
999 _c1780300
_d1780300